[Event "Chigorin Memorial"]
[Site "St Petersburg"]
[Date "2015.10.11"]
[Round "9.17"]
[White "Pridorozhni, Aleksei"]
[Black "Gorbatov, Alexej"]
[Result "1-0"]
[WhiteElo "2575"]
[BlackElo "2368"]
[PlyCount "73"]
[EventDate "2015.10.03"]
[EventRounds "9"]
[EventCountry "RUS"]

1. e4 c5 2. Nf3 a6 3. c3 d5 4. exd5 Nf6 5. c4 e6 6. dxe6 Bxe6 7. Be2 Nc6 8. O-O
h6 9. b3 Qc7 10. Bb2 O-O-O 11. Na3 Be7 12. Nc2 g5 13. Ne3 Rhg8 14. a3 g4 15.
Ne1 h5 16. b4 Ne4 17. d3 Ng5 18. N1c2 Ne5 19. Kh1 f5 20. Nd5 Rxd5 21. cxd5 Nef3
22. gxf3 Bxd5 23. Rg1 Nh3 24. Rg2 f4 25. Qf1 Bh4 26. Rc1 Re8 27. Ne1 b6 28.
bxc5 b5 29. Bd4 Qc6 30. Bd1 Ng5 31. Rc2 Rxe1 32. Qxe1 Nxf3 33. Bxf3 Bxf3 34.
Kg1 Bxg2 35. Qe5 Bh3 36. Qe4 Kb7 37. Re2 1-0

[Event "Chigorin Memorial"]
[Site "St Petersburg"]
[Date "2015.10.11"]
[Round "9.18"]
[White "Matsenko, Sergei"]
[Black "Akkozov, Berik"]
[Result "1/2-1/2"]
[WhiteElo "2531"]
[BlackElo "2356"]
[PlyCount "102"]
[EventDate "2015.10.03"]
[EventRounds "9"]
[EventCountry "RUS"]

1. Nf3 d5 2. c4 e6 3. g3 Nf6 4. Bg2 c6 5. Qc2 Nbd7 6. O-O e5 7. cxd5 cxd5 8.
Nc3 Bd6 9. Nh4 Nb6 10. Nf5 O-O 11. Nxd6 Qxd6 12. d4 e4 13. Bf4 Qc6 14. Rfc1 Nh5
15. Be3 Be6 16. b3 Qd7 17. a4 Rac8 18. Qd2 Rc6 19. a5 Na8 20. Na4 b6 21. axb6
axb6 22. Qb4 Rfc8 23. Rxc6 Qxc6 24. Bf1 h6 25. Rc1 Qd7 26. Rxc8+ Qxc8 27. Qd6
Nf6 28. Nxb6 Nxb6 29. Qxb6 Qc2 30. f3 Qd1 31. Kf2 Bg4 32. Qb8+ Kh7 33. Qf4 Bd7
34. b4 Bb5 35. Qf5+ Kg8 36. Qc8+ Kh7 37. Qf5+ Kg8 38. Qc8+ Kh7 39. Qc1 Qb3 40.
Qd2 Ne8 41. fxe4 Nf6 42. Kg1 Nxe4 43. Qc1 Bc4 44. Bf2 Qxb4 45. Qf4 Kg8 46. Qf5
g6 47. Qe5 Qb1 48. Qe8+ Kg7 49. Qe5+ Kg8 50. Qe8+ Kg7 51. Qe5+ Kg8 1/2-1/2

[Event "Chigorin Memorial"]
[Site "St Petersburg"]
[Date "2015.10.11"]
[Round "9.19"]
[White "Kharchenko, Boris"]
[Black "Derakhshani, Dorsa"]
[Result "1-0"]
[WhiteElo "2500"]
[BlackElo "2356"]
[PlyCount "89"]
[EventDate "2015.10.03"]
[EventRounds "9"]
[EventCountry "RUS"]

1. e4 e5 2. Nf3 Nc6 3. Bb5 f5 4. Qe2 fxe4 5. Qxe4 Nf6 6. Qe2 Be7 7. Bxc6 dxc6
8. Nxe5 O-O 9. O-O Bf5 10. Qc4+ Qd5 11. d3 Bd6 12. Nc3 Qe6 13. Qxe6+ Bxe6 14.
Nf3 Bg4 15. Ng5 Be5 16. Bd2 Nd5 17. Nge4 Rae8 18. Rae1 Bd4 19. Be3 Bxc3 20.
bxc3 Bf5 21. Bc5 Bxe4 22. Bxf8 Kxf8 23. Rxe4 Nxc3 24. Rxe8+ Kxe8 25. Re1+ Kf7
26. f3 a5 27. Kf2 a4 28. a3 c5 29. Ke3 Nb5 30. Kd2 Nd4 31. c3 Ne6 32. Rb1 b6
33. Ke3 Ke7 34. h4 Kd6 35. Ke4 Nf8 36. g4 Nd7 37. g5 Ke6 38. f4 g6 39. f5+
gxf5+ 40. Kf4 b5 41. Re1+ Kd5 42. Kxf5 c4 43. d4 c5 44. dxc5 Nxc5 45. h5 1-0

[Event "Chigorin Memorial"]
[Site "St Petersburg"]
[Date "2015.10.11"]
[Round "9.20"]
[White "Martynov, Pavel"]
[Black "Volodin, Aleksandr"]
[Result "0-1"]
[WhiteElo "2369"]
[BlackElo "2491"]
[PlyCount "84"]
[EventDate "2015.10.03"]
[EventRounds "9"]
[EventCountry "RUS"]

1. e4 c5 2. Nf3 Nc6 3. Nc3 e5 4. Bc4 d6 5. d3 Be7 6. Nd2 Nf6 7. Nf1 a6 8. a4
Bg4 9. f3 Be6 10. Ne3 Nb4 11. O-O O-O 12. Bd5 Rb8 13. Bd2 b5 14. axb5 axb5 15.
Ra7 Nfxd5 16. Ncxd5 Bxd5 17. Bxb4 Be6 18. Ba5 Qe8 19. Qa1 Ra8 20. Bd2 Qb8 21.
Rxa8 Qxa8 22. b4 Qc6 23. Qc3 c4 24. dxc4 Rc8 25. Ra1 bxc4 26. Ra3 Bd8 27. Nf1
f5 28. exf5 Bxf5 29. Ng3 Bb6+ 30. Be3 Bxe3+ 31. Qxe3 Bxc2 32. Ra7 Bg6 33. h4 c3
34. Ne2 c2 35. Nc1 Qc4 36. b5 Qxb5 37. Kh2 Qc4 38. g3 Qc5 39. Qb3+ Kh8 40. Qb7
Qf2+ 41. Kh3 Rg8 42. Ra8 h5 0-1

[Event "Chigorin Memorial"]
[Site "St Petersburg"]
[Date "2015.10.11"]
[Round "9.21"]
[White "Iljiushenok, Ilia"]
[Black "Musaev, Rasul"]
[Result "0-1"]
[WhiteElo "2491"]
[BlackElo "2351"]
[PlyCount "106"]
[EventDate "2015.10.03"]
[EventRounds "9"]
[EventCountry "RUS"]

1. d4 Nf6 2. c4 e6 3. Nc3 Bb4 4. e3 O-O 5. Nge2 d5 6. a3 Be7 7. cxd5 exd5 8.
Nf4 c6 9. Bd3 Bd6 10. O-O a5 11. Bc2 Re8 12. f3 Qc7 13. g3 Bxf4 14. gxf4 c5 15.
f5 Bd7 16. Kh1 b5 17. Rg1 Kh8 18. Qd2 Rg8 19. dxc5 Qxc5 20. b4 Qc8 21. Bb2 Bc6
22. Ne2 Nbd7 23. bxa5 Qc7 24. Nd4 Ne5 25. Bc3 Nxf3 26. Qf2 Nxg1 27. Rxg1 Bd7
28. Qe1 Rac8 29. Ba1 Ra8 30. Qh4 Qd8 31. Nf3 d4 32. Ne5 Bc6+ 33. e4 Bd5 34. Rg2
Nxe4 35. Qxe4 Ra7 36. Qxd4 Qa8 37. Qg4 Rc7 38. Bd1 Bxg2+ 39. Qxg2 Qxg2+ 40.
Kxg2 f6 41. Nd3 Rd8 42. Be2 Rc2 43. Nf4 Rc1 44. Bb2 Rc2 45. Ba1 Ra2 46. Bc3
Rxa3 47. Be1 Rd4 48. Nh5 b4 49. a6 Ra2 50. Ng3 b3 51. Bc3 Rd3 52. Ba1 Rxg3+ 53.
Kxg3 Rxe2 0-1

[Event "Chigorin Memorial"]
[Site "St Petersburg"]
[Date "2015.10.11"]
[Round "9.22"]
[White "Lugovskoy, Maxim"]
[Black "Bivol, Alina"]
[Result "1-0"]
[WhiteElo "2470"]
[BlackElo "2350"]
[PlyCount "45"]
[EventDate "2015.10.03"]
[EventRounds "9"]
[EventCountry "RUS"]

1. e4 e5 2. Nf3 Nc6 3. Nc3 g6 4. d4 exd4 5. Nxd4 Bg7 6. Be3 Nf6 7. Nxc6 bxc6 8.
e5 Ng8 9. f4 Ne7 10. Qf3 d5 11. O-O-O O-O 12. Bc5 f6 13. exf6 Bxf6 14. Bc4 Bxc3
15. bxc3 Rf7 16. Rhe1 Nf5 17. Bb3 a5 18. a4 Nh4 19. Rxd5 Qf6 20. Qf2 Nf5 21.
Rde5 Kg7 22. Rxf5 Qxf5 23. Bd4+ 1-0

[Event "Chigorin Memorial"]
[Site "St Petersburg"]
[Date "2015.10.11"]
[Round "9.23"]
[White "Ulko, Jaroslav"]
[Black "Yandarbiev, Ruslan"]
[Result "0-1"]
[WhiteElo "2467"]
[BlackElo "2344"]
[PlyCount "120"]
[EventDate "2015.10.03"]
[EventRounds "9"]
[EventCountry "RUS"]

1. d4 Nf6 2. c4 g6 3. Nc3 Bg7 4. e4 d6 5. Nf3 O-O 6. Be2 e5 7. d5 c6 8. O-O Na6
9. Bg5 h6 10. Bh4 g5 11. Bg3 Nh5 12. Nd2 Nf4 13. a3 c5 14. Re1 f5 15. exf5
Nxe2+ 16. Qxe2 Bxf5 17. Nde4 Rf7 18. h3 Rd7 19. Qh5 Qf8 20. Re3 Qf7 21. Qxf7+
Kxf7 22. Bh2 Bg6 23. Rae1 Nc7 24. g4 Rf8 25. Bg3 Kg8 26. h4 gxh4 27. Bxh4 Ne8
28. Rh3 Rf4 29. f3 Bf8 30. Kg2 Rdf7 31. Re3 Rd7 32. Ne2 Rff7 33. N2g3 Bg7 34.
Rh1 Nc7 35. b3 Ne8 36. Re2 b6 37. Re3 Rb7 38. b4 Bf8 39. b5 Kg7 40. Rb3 Be7 41.
a4 Rf4 42. Bxe7 Rxe7 43. Rh3 Rd7 44. Ra3 Bxe4 45. Nh5+ Kg6 46. Nxf4+ exf4 47.
fxe4 Re7 48. a5 Rxe4 49. axb6 axb6 50. Ra8 Nf6 51. Rd8 Rxc4 52. Rxd6 Rc2+ 53.
Kf1 Kg5 54. Rxb6 Nxg4 55. d6 f3 56. Rxf3 Nh2+ 57. Ke1 Nxf3+ 58. Kd1 Rd2+ 59.
Kc1 Rd4 60. Kc2 Ne5 0-1

[Event "Chigorin Memorial"]
[Site "St Petersburg"]
[Date "2015.10.11"]
[Round "9.24"]
[White "Andersen, Mads"]
[Black "Karasev, Vladimir I"]
[Result "1-0"]
[WhiteElo "2457"]
[BlackElo "2341"]
[PlyCount "109"]
[EventDate "2015.10.03"]
[EventRounds "9"]
[EventCountry "RUS"]

1. c4 c5 2. g3 Nf6 3. Bg2 Nc6 4. Nc3 d6 5. e3 g6 6. Nge2 Bg7 7. O-O O-O 8. d4
Bd7 9. b3 cxd4 10. exd4 Qc8 11. Re1 Bh3 12. Bh1 e5 13. Nb5 Rd8 14. Ba3 Ne8 15.
Qd2 Qf5 16. Rad1 Bg4 17. dxe5 dxe5 18. Qe3 Qc2 19. Bd5 Nf6 20. f3 Bh3 21. Rd2
Qf5 22. Nd6 Rxd6 23. Bxd6 Re8 24. Rdd1 h5 25. Kh1 Nxd5 26. cxd5 Bh6 27. Qf2 e4
28. Ng1 e3 29. Qe2 Ne5 30. Bxe5 Rxe5 31. Nxh3 Qxh3 32. f4 Re8 33. Qf3 Bf8 34.
Rxe3 Rd8 35. Re2 Bd6 36. f5 gxf5 37. Rf2 Qg4 38. Qxg4+ fxg4 39. Rf5 Kg7 40.
Rdf1 Rd7 41. Rxh5 Kg6 42. Rhf5 Bc5 43. R5f4 Kg5 44. Rxf7 Rxd5 45. Rxb7 Bb6 46.
Rg7+ Kh5 47. Rg8 Rd2 48. a4 Rd4 49. a5 Bd8 50. Rf7 Kh6 51. Rxa7 Bf6 52. Ra6 Kh5
53. Rb8 Rd1+ 54. Kg2 Rd2+ 55. Kf1 1-0

[Event "Chigorin Memorial"]
[Site "St Petersburg"]
[Date "2015.10.11"]
[Round "9.25"]
[White "Khusenkhojaev, Muhammad"]
[Black "Usmanov, Vasily"]
[Result "1/2-1/2"]
[WhiteElo "2398"]
[BlackElo "2450"]
[PlyCount "88"]
[EventDate "2015.10.03"]
[EventRounds "9"]
[EventCountry "RUS"]

1. Nf3 Nf6 2. c4 e6 3. d4 Bb4+ 4. Nbd2 O-O 5. a3 Be7 6. e3 d6 7. b4 b6 8. Bd3
Bb7 9. O-O Nbd7 10. Bb2 c5 11. Qc2 Qc7 12. Rfd1 Rac8 13. dxc5 dxc5 14. b5 Rfd8
15. h3 h6 16. a4 Bd6 17. Ne4 Bxe4 18. Bxe4 Ne5 19. Nxe5 Bxe5 20. Bxe5 Qxe5 21.
Bf3 Rxd1+ 22. Rxd1 Qc7 23. Qd2 Kf8 24. a5 Ke7 25. axb6 axb6 26. Ra1 Rd8 27. Qc3
Kf8 28. Qa3 g6 29. Qa7 Qxa7 30. Rxa7 Rd2 31. Rb7 Nd7 32. Bc6 Ne5 33. Rxb6 Nxc4
34. Rb8+ Kg7 35. b6 Rb2 36. b7 Na5 37. Be4 c4 38. Kf1 c3 39. Ke1 f5 40. Rc8
Nxb7 41. Rc7+ Kf6 42. Bxb7 Rb1+ 43. Ke2 c2 44. Rxc2 Rxb7 1/2-1/2

[Event "Chigorin Memorial"]
[Site "St Petersburg"]
[Date "2015.10.11"]
[Round "9.26"]
[White "Kalegin, Evgenij"]
[Black "Pogorelskikh, Sergey"]
[Result "0-1"]
[WhiteElo "2444"]
[BlackElo "2272"]
[PlyCount "132"]
[EventDate "2015.10.03"]
[EventRounds "9"]
[EventCountry "RUS"]

1. e4 c5 2. Nf3 d6 3. c3 Nf6 4. h3 Nc6 5. Bd3 d5 6. e5 Nd7 7. Bb5 Qc7 8. d4 e6
9. O-O a6 10. Ba4 Qb6 11. a3 a5 12. Ra2 h6 13. Be3 Be7 14. Qd2 Qc7 15. Qe2 b6
16. Bb5 Bb7 17. Nbd2 c4 18. Ba4 Ba6 19. Bc2 b5 20. Nh2 b4 21. axb4 axb4 22.
Raa1 Bb7 23. f4 Rxa1 24. Rxa1 b3 25. Bb1 g6 26. g4 Kd8 27. Ndf3 h5 28. Bf2 hxg4
29. hxg4 Kc8 30. Bg3 Qd8 31. Nf1 Nb6 32. Ne3 Qf8 33. Qg2 Nd8 34. Kf2 Bc6 35.
Nd2 Kb7 36. Ke2 Qh6 37. Ndf1 Qh3 38. Qxh3 Rxh3 39. g5 Na4 40. Nd1 Bb5 41. Kf2
Nc6 42. Kg2 Rh8 43. Be1 Bd8 44. Nfe3 Bb6 45. Ng4 Rd8 46. Nh6 Rd7 47. Bd2 Ba5
48. Bc1 Kc7 49. Kg3 Kd8 50. Nxf7+ Rxf7 51. Bxg6 Rf8 52. Bh7 Ne7 53. Ne3 Rh8 54.
g6 Nxg6 55. Bxg6 Rg8 56. f5 exf5 57. Kf4 Rxg6 58. Kxf5 Rg1 59. Nxd5 Rf1+ 60.
Ke6 Kc8 61. Kd6 Kb7 62. e6 Bc6 63. e7 Re1 64. Ne3 Bc7+ 65. Ke6 Bf4 66. d5 Bb5
0-1

[Event "Chigorin Memorial"]
[Site "St Petersburg"]
[Date "2015.10.11"]
[Round "9.27"]
[White "Mishuchkov, Nikolai M"]
[Black "Baghdasaryan, Vahe"]
[Result "1-0"]
[WhiteElo "2295"]
[BlackElo "2439"]
[PlyCount "113"]
[EventDate "2015.10.03"]
[EventRounds "9"]
[EventCountry "RUS"]

1. d4 g6 2. e4 c6 3. Nf3 Bg7 4. c3 d5 5. Nbd2 dxe4 6. Nxe4 Nd7 7. Bc4 Ngf6 8.
Nxf6+ Nxf6 9. O-O O-O 10. Re1 Nd5 11. Bg5 Be6 12. Qd2 b5 13. Bb3 a5 14. a3 Qd6
15. Bh6 Bxh6 16. Qxh6 f6 17. Nd2 Bf7 18. Ne4 Qc7 19. Nc5 e5 20. dxe5 fxe5 21.
Ne4 Kh8 22. Ng5 Bg8 23. Nf3 e4 24. Rxe4 Nf6 25. Nh4 Qg7 26. Qxg7+ Kxg7 27. Re7+
Kh8 28. Bxg8 Kxg8 29. Re6 c5 30. Nf3 a4 31. Re5 Rac8 32. Kf1 Nd7 33. Re7 Nb6
34. Rae1 Nc4 35. R1e2 Rfd8 36. g3 Rd1+ 37. Kg2 Rf8 38. Rc7 Rd3 39. Ng5 Rd2 40.
Rxd2 Nxd2 41. Rxc5 h6 42. Ne6 Ne4 43. Re5 Rxf2+ 44. Kg1 Nf6 45. Kxf2 Ng4+ 46.
Ke2 Nxe5 47. Nd4 Nc4 48. Nxb5 Nxb2 49. Nd6 Kf8 50. Kd2 Ke7 51. Kc2 Kxd6 52.
Kxb2 Kd5 53. Kc2 Kc4 54. g4 h5 55. gxh5 gxh5 56. h4 Kc5 57. Kd3 1-0

[Event "Chigorin Memorial"]
[Site "St Petersburg"]
[Date "2015.10.11"]
[Round "9.28"]
[White "Khanin, Semen"]
[Black "Abdusattorov, Nodirbek"]
[Result "1-0"]
[WhiteElo "2359"]
[BlackElo "2432"]
[PlyCount "119"]
[EventDate "2015.10.03"]
[EventRounds "9"]
[EventCountry "RUS"]

1. e4 c5 2. c3 d5 3. exd5 Qxd5 4. Na3 Nc6 5. Nf3 Bg4 6. Be2 Nf6 7. O-O e6 8. d4
Rc8 9. Nc2 Qd8 10. Bf4 Bd6 11. Be3 cxd4 12. Ncxd4 O-O 13. Nxc6 bxc6 14. Qa4 Qc7
15. h3 Bxf3 16. Bxf3 a5 17. Rad1 Nd5 18. Bd2 Rfd8 19. a3 Rb8 20. c4 Nb6 21. Qc2
Nd7 22. Bxa5 Bh2+ 23. Kh1 Qxa5 24. Kxh2 Qe5+ 25. Kg1 Rxb2 26. Qe4 Qb8 27. Qd4
c5 28. Qd6 Qxd6 29. Rxd6 Rb6 30. Bc6 Rf8 31. Rfd1 Ne5 32. Bb5 Rxd6 33. Rxd6 g5
34. a4 Ra8 35. Kf1 Kf8 36. Ke2 Ke7 37. Rb6 h5 38. h4 g4 39. Ke3 Kf6 40. Rb7 Rd8
41. a5 Rd3+ 42. Ke2 Ra3 43. a6 Kf5 44. Kd2 Ke4 45. Kc2 f5 46. Kb2 Ra5 47. Kb3
f4 48. Rb6 Kf5 49. Rd6 f3 50. g3 Ke4 51. Rxe6 Kd4 52. Rd6+ Ke4 53. Rd8 Ra1 54.
Ba4 Rb1+ 55. Kc2 Rb4 56. Bb5 Nxc4 57. a7 Na3+ 58. Kd2 Rb2+ 59. Ke1 Nc2+ 60. Kd1
1-0

[Event "Chigorin Memorial"]
[Site "St Petersburg"]
[Date "2015.10.11"]
[Round "9.29"]
[White "Ushenina, Anna"]
[Black "Saveliev, Alexei"]
[Result "1-0"]
[WhiteElo "2426"]
[BlackElo "2253"]
[PlyCount "61"]
[EventDate "2015.10.03"]
[EventRounds "9"]
[EventCountry "RUS"]

1. d4 Nf6 2. c4 e6 3. Nf3 b6 4. Nc3 Bb7 5. a3 d5 6. cxd5 exd5 7. Qa4+ c6 8. Bg5
Be7 9. e3 O-O 10. Bd3 c5 11. Rd1 h6 12. Bf4 Bc6 13. Qc2 c4 14. Bf5 Bd7 15. O-O
Bxf5 16. Qxf5 a6 17. Ne5 Ra7 18. Ng4 Nxg4 19. Qxg4 Nc6 20. Bxh6 Bf6 21. Bf4 b5
22. Bg3 Re8 23. h4 Ree7 24. h5 Rab7 25. e4 dxe4 26. Nxe4 Bxd4 27. Nd6 Rbd7 28.
Nf5 f6 29. Nxe7+ Qxe7 30. Rfe1 Ne5 31. Bxe5 1-0

[Event "Chigorin Memorial"]
[Site "St Petersburg"]
[Date "2015.10.11"]
[Round "9.30"]
[White "Tunik, Gennady"]
[Black "Iljin, Timofey"]
[Result "0-1"]
[WhiteElo "2420"]
[BlackElo "2266"]
[PlyCount "108"]
[EventDate "2015.10.03"]
[EventRounds "9"]
[EventCountry "RUS"]

1. d4 Nf6 2. c4 e6 3. Nf3 d5 4. Nc3 dxc4 5. e3 a6 6. Bxc4 b5 7. Be2 Bb7 8. O-O
Nbd7 9. b3 c5 10. Bb2 Bd6 11. a4 b4 12. Nb1 O-O 13. Nbd2 Nd5 14. Nc4 Be7 15.
Rc1 Rc8 16. Re1 cxd4 17. Nxd4 Nc3 18. Bxc3 bxc3 19. Qd3 Bb4 20. Nc2 a5 21. Nxb4
axb4 22. Red1 Qg5 23. Bf1 Nc5 24. Qc2 Be4 25. Qa2 Rcd8 26. f4 Qe7 27. Rd4 Rxd4
28. exd4 Nd3 29. Bxd3 Bxd3 30. Ne5 Be4 31. Qe2 Bd5 32. Qc2 Qa7 33. Rd1 Rd8 34.
Kf2 Ba8 35. Ke3 f6 36. Nf3 Bd5 37. h4 Qf7 38. Ne1 e5 39. dxe5 fxe5 40. f5 Rf8
41. Rb1 Qa7+ 42. Ke2 Qg1 43. Qd3 Bxg2 44. Nf3 Bxf3+ 45. Kxf3 Qg6 46. Ke2 Qg2+
47. Ke3 Qh3+ 48. Ke2 Qxh4 49. Qd5+ Kh8 50. Qxe5 Qh5+ 51. Kd3 Qf3+ 52. Kc4 Qg4+
53. Kd3 Rd8+ 54. Ke3 Qg5+ 0-1

[Event "Chigorin Memorial"]
[Site "St Petersburg"]
[Date "2015.10.11"]
[Round "9.31"]
[White "Smirnov, Artem"]
[Black "Kakabayaev, Mergen"]
[Result "1-0"]
[WhiteElo "2419"]
[BlackElo "2239"]
[PlyCount "115"]
[EventDate "2015.10.03"]
[EventRounds "9"]
[EventCountry "RUS"]

1. d4 Nf6 2. c4 g6 3. Nc3 Bg7 4. e4 d6 5. Nf3 O-O 6. Be2 e5 7. d5 Nbd7 8. Be3
a5 9. Nd2 b6 10. a3 Ne8 11. g4 Nc5 12. h4 f5 13. gxf5 gxf5 14. Qc2 f4 15. Bxc5
dxc5 16. O-O-O Nd6 17. Rdg1 Kh8 18. Bg4 Qe7 19. Nb5 Bf6 20. Nxd6 cxd6 21. h5
Bxg4 22. Rxg4 Rg8 23. Rxg8+ Rxg8 24. Qb3 Bh4 25. Rh2 f3 26. Qxf3 Rf8 27. Qh3
Bxf2 28. Kc2 Qf6 29. Rh1 Rg8 30. Rf1 Qh4 31. Qe6 Be3 32. Qxd6 Bf4 33. Nf3 Qxh5
34. Qf6+ Rg7 35. Qf8+ Rg8 36. Qf6+ Rg7 37. d6 Qg6 38. Qxg6 hxg6 39. Rd1 Rd7 40.
Kb3 Kg7 41. Ka4 Kf6 42. Kb5 Ke6 43. Kc6 g5 44. a4 Be3 45. Nxe5 Rd8 46. Rd5 Bf4
47. Ng4 Rxd6+ 48. Rxd6+ Bxd6 49. Kxb6 Kd7 50. Kxa5 Kc6 51. Ka6 Bc7 52. a5 Bd8
53. Ne5+ Kd6 54. Nf7+ Ke6 55. Nxd8+ Ke7 56. Nc6+ Kd6 57. Kb6 g4 58. a6 1-0

[Event "Chigorin Memorial"]
[Site "St Petersburg"]
[Date "2015.10.11"]
[Round "9.32"]
[White "Gogin, Maksim"]
[Black "Sarana, Alexey"]
[Result "0-1"]
[WhiteElo "2220"]
[BlackElo "2413"]
[PlyCount "114"]
[EventDate "2015.10.03"]
[EventRounds "9"]
[EventCountry "RUS"]

1. d4 g6 2. Nf3 Nf6 3. g3 Bg7 4. Bg2 d5 5. O-O c6 6. c3 O-O 7. Qb3 Qb6 8. Bf4
Bf5 9. Nbd2 Nbd7 10. h3 Ne4 11. g4 Nxd2 12. Nxd2 Be6 13. Rfe1 Qa6 14. Qb4 Rfe8
15. e4 dxe4 16. Nxe4 Bd5 17. Bg3 b6 18. Rac1 Nf6 19. Nxf6+ Bxf6 20. Bxd5 cxd5
21. a4 e6 22. Qb5 Qxb5 23. axb5 a6 24. bxa6 Rxa6 25. Ra1 Rea8 26. Rxa6 Rxa6 27.
Bd6 b5 28. Ba3 Ra4 29. Rd1 h5 30. Kf1 Kg7 31. Ke2 Kh6 32. Ke3 Ra8 33. f4 g5 34.
fxg5+ Bxg5+ 35. Kd3 Kg6 36. Rg1 hxg4 37. hxg4 Bf4 38. Be7 Ra7 39. Bc5 Ra8 40.
Rh1 f6 41. b3 e5 42. dxe5 fxe5 43. Rh5 Rc8 44. Be3 e4+ 45. Kd4 Bxe3+ 46. Kxe3
Rxc3+ 47. Kd4 Rd3+ 48. Kc5 e3 49. Re5 d4 50. Kxb5 Rd2 51. Kc4 e2 52. b4 d3 53.
b5 Rd1 54. Kc3 Kf6 55. Re3 e1=Q+ 56. Rxe1 Rxe1 57. Kxd3 Ke5 0-1

[Event "Chigorin Memorial"]
[Site "St Petersburg"]
[Date "2015.10.11"]
[Round "9.33"]
[White "Guseva, Marina"]
[Black "Tugarin, Anton"]
[Result "1-0"]
[WhiteElo "2411"]
[BlackElo "2177"]
[PlyCount "69"]
[EventDate "2015.10.03"]
[EventRounds "9"]
[EventCountry "RUS"]

1. d4 d5 2. c4 c6 3. Nc3 dxc4 4. e3 b5 5. a4 b4 6. Ne4 Qd5 7. Ng3 Nf6 8. Be2 e5
9. Nf3 exd4 10. exd4 Bd6 11. Nf1 c3 12. Ne3 cxb2 13. Bxb2 Qa5 14. O-O O-O 15.
d5 Qd8 16. dxc6 Nxc6 17. Qc2 Ne7 18. Bxf6 gxf6 19. Rfd1 Qc7 20. Qe4 Be6 21.
Rac1 Qb8 22. Bc4 Bxc4 23. Nxc4 Bf4 24. Rb1 Ng6 25. g3 Bh6 26. Nd6 a5 27. h4 Rd8
28. h5 Ne5 29. Nxe5 fxe5 30. Qg4+ Kf8 31. Nf5 Qb6 32. Qh4 Rxd1+ 33. Rxd1 Re8
34. Rd6 Qc7 35. Qf6 1-0

[Event "Chigorin Memorial"]
[Site "St Petersburg"]
[Date "2015.10.11"]
[Round "9.34"]
[White "Palchun, Grigory"]
[Black "Blomqvist, Erik"]
[Result "1-0"]
[WhiteElo "2315"]
[BlackElo "2530"]
[PlyCount "109"]
[EventDate "2015.10.03"]
[EventRounds "9"]
[EventCountry "RUS"]

1. e4 c5 2. d3 Nc6 3. Nc3 g6 4. g3 Bg7 5. Bg2 d6 6. f4 Nf6 7. Nf3 O-O 8. O-O
Rb8 9. h3 b5 10. a3 a5 11. Be3 b4 12. axb4 axb4 13. Ne2 Bb7 14. b3 Nd7 15. Rc1
Ra8 16. g4 e6 17. f5 Re8 18. Qd2 Nde5 19. Bh6 Nxf3+ 20. Rxf3 Nd4 21. Nxd4 Bxd4+
22. Kh1 exf5 23. gxf5 Ra1 24. Rxa1 Bxa1 25. Rf1 Bc3 26. Qf4 Qe7 27. f6 Qe5 28.
Qh4 Re6 29. Rf5 Qd4 30. Qg3 Bb2 31. Be3 Qc3 32. Rxc5 Qxf6 33. Rc7 Ba6 34. Bg5
Qe5 35. Qf2 f6 36. Bf4 Qd4 37. Qh4 h5 38. Bh6 Qe5 39. Rg7+ Kh8 40. Rxg6 Kh7 41.
Bf4 Kxg6 42. Bxe5 Rxe5 43. Qg3+ Kf7 44. Qf2 Bc8 45. Qb6 Rc5 46. Bf3 Rxc2 47.
Bxh5+ Kg7 48. Bg4 Bxg4 49. hxg4 Kg6 50. Qxd6 Kg5 51. d4 Rd2 52. e5 Kh4 53. Qxb4
Rxd4 54. Qe1+ Kxg4 55. e6 1-0

[Event "Chigorin Memorial"]
[Site "St Petersburg"]
[Date "2015.10.11"]
[Round "9.35"]
[White "Predke, Alexandr"]
[Black "Solovyov, Viktor"]
[Result "1-0"]
[WhiteElo "2527"]
[BlackElo "2312"]
[PlyCount "119"]
[EventDate "2015.10.03"]
[EventRounds "9"]
[EventCountry "RUS"]

1. d4 Nf6 2. c4 e6 3. Nc3 Bb4 4. Nf3 Ne4 5. Qd3 d5 6. g3 O-O 7. Bg2 f5 8. O-O
c6 9. a3 Be7 10. b4 Nd7 11. Rb1 Qe8 12. b5 Qh5 13. Qc2 Nd6 14. Nd2 Nf6 15. bxc6
bxc6 16. c5 Nde4 17. Ndxe4 fxe4 18. Qa4 Qe8 19. Bf4 Ng4 20. h3 e5 21. dxe5 g5
22. Bxg5 Bxg5 23. hxg4 Bxg4 24. Rb7 Be7 25. Nxe4 dxe4 26. Qxe4 Bc8 27. Rc7 Bf5
28. Qxc6 Qxc6 29. Bxc6 Bd8 30. Bd5+ Kh8 31. Rb7 Rc8 32. c6 Bb6 33. Kg2 Rcd8 34.
Bf3 Bc8 35. e6 Bxe6 36. Rh1 Rf7 37. Rh6 Bc4 38. Rh4 Ba2 39. a4 Kg7 40. a5 Bc5
41. Rb5 Bd6 42. Rbh5 Bb1 43. Bd5 Re7 44. e4 Kh8 45. g4 Rf8 46. g5 Rg7 47. f3
Bd3 48. Kf2 Bc5+ 49. Kg3 Be2 50. e5 Rf5 51. c7 Rxc7 52. Be4 Rxe5 53. Bxh7 Kg7
54. Be4 Kf8 55. Rh8+ Ke7 56. R4h7+ Ke6 57. Rxc7 Rxg5+ 58. Kh4 Bd6 59. Rh6+ Ke5
60. Rxd6 1-0

[Event "Chigorin Memorial"]
[Site "St Petersburg"]
[Date "2015.10.11"]
[Round "9.36"]
[White "Atabayev, Maksat"]
[Black "Gogolev, Artem"]
[Result "1-0"]
[WhiteElo "2483"]
[BlackElo "2306"]
[PlyCount "51"]
[EventDate "2015.10.03"]
[EventRounds "9"]
[EventCountry "RUS"]

1. e4 c5 2. Nf3 Nf6 3. e5 Nd5 4. Nc3 e6 5. d4 Nc6 6. Nxd5 exd5 7. dxc5 Bxc5 8.
Bd3 d6 9. exd6 O-O 10. O-O Bg4 11. h3 Bxf3 12. Qxf3 Bxd6 13. Re1 Be5 14. c3 Re8
15. Bd2 Qb6 16. b4 Rad8 17. Bg5 f6 18. Bd2 Re7 19. h4 d4 20. c4 a5 21. a3 Qc7
22. g3 g6 23. h5 Kf7 24. hxg6+ hxg6 25. Qh1 Rg8 26. Qh7+ 1-0

[Event "Chigorin Memorial"]
[Site "St Petersburg"]
[Date "2015.10.11"]
[Round "9.37"]
[White "Matinian, Nikita"]
[Black "Elistratov, Semen"]
[Result "1/2-1/2"]
[WhiteElo "2473"]
[BlackElo "2283"]
[PlyCount "144"]
[EventDate "2015.10.03"]
[EventRounds "9"]
[EventCountry "RUS"]

1. e4 e5 2. Nf3 Nc6 3. Bb5 a6 4. Ba4 Nf6 5. O-O Be7 6. d3 b5 7. Bb3 d6 8. a4 b4
9. a5 O-O 10. h3 Be6 11. Nbd2 h6 12. Nc4 Nb8 13. c3 bxc3 14. bxc3 Nbd7 15. Ne3
Rb8 16. Bxe6 fxe6 17. d4 Qe8 18. Qd3 Qg6 19. Nd2 exd4 20. cxd4 c5 21. d5 Nxd5
22. Nxd5 exd5 23. Qxd5+ Kh7 24. Qc6 Nf6 25. e5 Nh5 26. Nc4 Ng3 27. Re1 Nf5 28.
Be3 Qf7 29. exd6 Bf6 30. Rac1 Nxe3 31. Qe4+ Kg8 32. Rxe3 Bd4 33. Rf3 Qd7 34.
Ne5 Bxe5 35. Rxf8+ Rxf8 36. Qxe5 Rd8 37. Rd1 c4 38. Rd5 Re8 39. Qd4 Re6 40. Qc5
c3 41. Qxc3 Rxd6 42. Rxd6 Qxd6 43. Qc8+ Kh7 44. Qf5+ Kg8 45. h4 Qc6 46. h5 Qd6
47. g3 Qd1+ 48. Kg2 Qe2 49. g4 Qc4 50. Kg3 Qc7+ 51. Kf3 Qc3+ 52. Kg2 Qc4 53.
Kh3 Qf1+ 54. Kg3 Qc4 55. Qe5 Qf1 56. f3 Qg1+ 57. Kf4 Qh2+ 58. Kf5 Qc2+ 59. Kf4
Qh2+ 60. Ke4 Qe2+ 61. Kd4 Qb2+ 62. Kd5 Qb5+ 63. Kd6 Qb8+ 64. Ke6 Qe8+ 65. Kf5
Qf7+ 66. Ke4 Qc4+ 67. Qd4 Qe2+ 68. Kf4 Qh2+ 69. Kf5 Qc2+ 70. Qe4 Qc5+ 71. Qe5
Qc2+ 72. Kf4 Qh2+ 1/2-1/2

[Event "Chigorin Memorial"]
[Site "St Petersburg"]
[Date "2015.10.11"]
[Round "9.38"]
[White "Franco Alonso, Alejandro"]
[Black "Shemeakin, Alexander"]
[Result "1/2-1/2"]
[WhiteElo "2450"]
[BlackElo "2275"]
[PlyCount "93"]
[EventDate "2015.10.03"]
[EventRounds "9"]
[EventCountry "RUS"]

1. d4 d5 2. c4 c6 3. Nf3 Nf6 4. Nc3 a6 5. a4 e6 6. g3 dxc4 7. Bg2 c5 8. dxc5
Qxd1+ 9. Nxd1 Nc6 10. Be3 Nd5 11. O-O Bd7 12. Rc1 Rc8 13. Bd2 Bxc5 14. Rxc4
Ncb4 15. Ne3 b5 16. axb5 Bxb5 17. Nxd5 Nxd5 18. Rcc1 O-O 19. Rfe1 Rfd8 20. Bf1
f6 21. Ba5 Bb6 22. Rxc8 Rxc8 23. Bxb6 Nxb6 24. Nd4 e5 25. Nxb5 axb5 26. e3 Rc2
27. Bxb5 Rxb2 28. Bd3 Rd2 29. Be4 g6 30. Rb1 Rd6 31. Rc1 f5 32. Bf3 e4 33. Be2
Kg7 34. Rc7+ Rd7 35. Rc6 Nd5 36. h4 h5 37. Kf1 Nb4 38. Rb6 Nd3 39. Rb5 Rd6 40.
f3 Rc6 41. fxe4 fxe4 42. Bxd3 exd3 43. Rd5 Rc1+ 44. Kf2 Rd1 45. e4 d2 46. Kg2
Kf6 47. Kh2 1/2-1/2